| 000 | 00488cam a2200169 a 4500 | ||
|---|---|---|---|
| 020 | _a9781405189101 (hardcover : alk. paper) | ||
| 082 | 0 | 0 |
_a664.09 _bCOL/FO |
| 245 | 0 | 0 | _aFood and beverage packaging technology / |
| 250 | _a2nd ed. | ||
| 260 |
_aChichester, West Sussex ; _aAmes, Iowa : _bWiley-Blackwell, _c2011. |
||
| 300 |
_axvi, 326 p. : _bill. (some col.) ; |
||
| 650 | 0 |
_aFood _968 |
|
| 650 | 0 |
_aBeverages _969 |
|
| 650 | 0 |
_aFood _970 |
|
| 700 | 1 |
_aKirwan, Mark J. _971 |
|
| 942 | _cBK | ||
| 999 |
_c14089 _d14089 |
||